Business communication today / (Record no. 157666)

MARC details
000 -LEADER
fixed length control field 00791nam a22002297a 4500
005 - DATE AND TIME OF LATEST TRANSACTION
control field 20180924144146.0
010 ## - LCCN (DPL NO)
LC control number ENG-124039
020 ## - INTERNATIONAL STANDARD BOOK NUMBER
International Standard Book Number 9789353062682
Terms of availability 729.00
035 ## - SYSTEM CONTROL NUMBER
System control number EN-107571
037 ## - SOURCE OF ACQUISITION
Source of stock number/acquisition DBAD/PUB
082 ## - DEWEY DECIMAL CLASSIFICATION NUMBER
Classification number 658.45
100 ## - MAIN ENTRY--PERSONAL NAME
Personal name Bovee, Coiurtland L.
245 ## - TITLE STATEMENT
Statement of responsibility, etc by Coiurtland L. Bovee; John V. Thill [and] Roshan Lal Raina
Title Business communication today /
250 ## - EDITION STATEMENT
Edition statement 14th ed.
260 ## - PUBLICATION, DISTRIBUTION, ETC. (IMPRINT)
Place of publication, distribution, etc Noida
Name of publisher, distributor, etc Pearson
Date of publication, distribution, etc 2018
270 ## - ADDRESS
Address 15th Floor, Tower B, Worls Trade Tower, Plot No.1, Block -C
City Noida (UP)
Postal code 201301
300 ## - PHYSICAL DESCRIPTION
Extent xlvii,688p.
Dimensions 25cm.(pbk)
Other physical details ill.
500 ## - GENERAL NOTE
General note It includes Brand, Organization, Name, and Website index and subject index
700 ## - ADDED ENTRY--PERSONAL NAME
Personal name Thill, John V.
700 ## - ADDED ENTRY--PERSONAL NAME
Personal name Raina, Roshan Lal
942 ## - ADDED ENTRY ELEMENTS (KOHA)
Source of classification or shelving scheme Dewey Decimal Classification
Item type English Books
Classification part 658.45
Call number suffix BOV
Holdings
Withdrawn status Lost status Not for loan Collection code Home library Current library Date acquired Source of acquisition Cost, normal purchase price Full call number Barcode Copy number Cost, replacement price Koha item type
    Not For Loan Non-fiction D.B.Act.Division Patel Nagar 24/09/2018 DBAD/PUB 729.00 658.45 BOV EN-107571 1 729.00 English Books

© Delhi Public Library
Hit Counter
free hit counter